000 00847fam a2200265 a 4500
005 20260322212034.0
008 data
010 _a 00063637
020 _a1572304464 (pbk.)
020 _a9781572304468 (pbk.)
040 _aDLC
_cDLC
_dDLC
042 _apcc
050 0 0 _aRC564.68
_b.E95 2001
096 _aWM 55 E923d 2001
100 1 _aEvans, Katie.
245 1 0 _aDual diagnosis :
_bcounseling the mentally ill substance abuser /
_cKatie Evans & J. Michael Sullivan.
250 _a2nd ed.
260 _aNew York :
_bGuilford Press,
_cc2001.
300 _axiii, 290 p. ;
_c23 cm.
504 _aIncludes bibliographical references (p. 255-279) and index.
590 _aIncludes bibliographical references (p. 255-279) and index.
650 0 _aDual diagnosis
_xCounseling of.
_xCounseling of.
700 1 _aSullivan, J. Michael.
001 data
999 _c787
_d787